| 000 | 00462pab a2200169 454500 | ||
|---|---|---|---|
| 008 | 180718b2005 xxu||||| |||| 00| 0 eng d | ||
| 100 | _aBivens, L. Joshi | ||
| 245 | _aCorporate governance and the "job loss" recovery | ||
| 260 | _c2005 | ||
| 300 | _ap.293-301. | ||
| 362 | _aSummer | ||
| 650 | _aIncome distribution | ||
| 650 | _aCorporate governance | ||
| 700 | _aWeller, Christian E. | ||
| 773 | _aReview of Radical Political Economics | ||
| 909 | _a66967 | ||
| 999 |
_c66967 _d66967 |
||